MARC details
| 000 -CABECERA |
| campo de control de longitud fija |
02427nam a2200361 a 4500 |
| 003 - IDENTIFICADOR DEL NÚMERO DE CONTROL |
| campo de control |
CHAP |
| 005 - FECHA Y HORA DE LA ÚLTIMA TRANSACCIÓN |
| campo de control |
20240130131040.0 |
| 007 - CAMPO FIJO DE DESCRIPCIÓN FÍSICA--INFORMACIÓN GENERAL |
| campo de control de longitud fija |
ta |
| 008 - DATOS DE LONGITUD FIJA--INFORMACIÓN GENERAL |
| campo de control de longitud fija |
230816s2013 mx ab||grc||| 001 0 sp d |
| 020 ## - NÚMERO INTERNACIONAL ESTÁNDAR DEL LIBRO |
| Número Internacional Estándar del Libro |
978-607-02-4297-7 |
| 040 ## - FUENTE DE LA CATALOGACIÓN |
| Centro catalogador/agencia de origen |
Z |
| Centro/agencia transcriptor |
CHAP |
| Normas de descripción |
rda |
| 082 00 - NÚMERO DE LA CLASIFICACIÓN DECIMAL DEWEY |
| Número de clasificación |
595.789097252 |
| Número de documento/Ítem |
B48 2013 |
| Número de edición |
20 |
| 100 1# - ENTRADA PRINCIPAL--NOMBRE DE PERSONA |
| 9 (RLIN) |
12105 |
| Nombre de persona |
Beutelspacher Baigts, Carlos Rommel |
| Término indicativo de función/relación |
autor |
| 245 14 - MENCIÓN DE TÍTULO |
| Título |
Las mariposas nocturnas del Valle de México / |
| Mención de responsabilidad, etc. |
Carlos Rommel Beutelspacher Baigts |
| 250 ## - MENCIÓN DE EDICIÓN |
| Mención de edición |
Primera edición |
| 264 #1 - PRODUCCIÓN, PUBLICACIÓN, DISTRIBUCIÓN, FABRICACIÓN Y COPYRIGHT |
| Producción, publicación, distribución, fabricación y copyright |
México, Distrito Federal : |
| Nombre del de productor, editor, distribuidor, fabricante |
UNAM. Instituto de Biología UNAM : EKO-Filter Comercial SA de CV: AGROLITA, |
| Fecha de producción, publicación, distribución, fabricación o copyright |
2013 |
| 300 ## - DESCRIPCIÓN FÍSICA |
| Extensión |
284 páginas : |
| Otras características físicas |
Ilustraciones, mapas, laminas a color |
| 336 ## - TIPO DE CONTENIDO |
| Fuente |
rdacontent |
| Término de tipo de contenido |
texto |
| Código de tipo de contenido |
txt |
| 337 ## - TIPO DE MEDIO |
| Fuente |
rdamedia |
| Nombre/término del tipo de medio |
sin medio |
| Código del tipo de medio |
n |
| 338 ## - TIPO DE SOPORTE |
| Fuente |
rdacarrier |
| Nombre/término del tipo de soporte |
volumen |
| Código del tipo de soporte |
nc |
| 500 ## - NOTA GENERAL |
| Nota general |
ej.1: consumo\ ej.2: consumo\ ej.3: consumo |
| 504 ## - NOTA DE BIBLIOGRAFÍA, ETC. |
| Nota de bibliografía, etc. |
Bibliografía: página 207 - 212 |
| 505 0# - NOTA DE CONTENIDO CON FORMATO |
| Nota de contenido con formato |
Introducción --<br/>El Valle de México --<br/>Las mariposas nocturnas del Valle de México --<br/>Las mariposas nocturnas entre los antiguos mexicanos --<br/>Clasificación<br/> |
| 520 ## - SUMARIO, ETC. |
| Sumario, etc. |
Este libro incluye a la mayoría de los macrolepidópteros y algunas especie de microlepidópteros de las familias Acrolophidae, Sesiidae, Pyralidae y Tortricidae del Valle de México. Se mencionan las localidades en las cuales se encontraron las especies, lo cual no necesariamente indica que solamente allí existan, lo mismo las fechas citadas en las épocas de vuelo, ya que seguramente se irá ampliando esta información en la medida en que se recolecte en otros puntos del Valle de México. Se incluyen los nombres y las citas originales, así como el nombre válido actual para todas las especies tratadas (762 especies), de las cuales, se ilustran a color 679, más varias formas. Entre ellas, se encuentran especies que constituyen reconocidas plagas para la agricultura, tales como diversas especie de Spodoptera y Heliothis, y otras más defoliadoras de pinos, por ejemplo Evita hyalinaria, Lophocampa alternata, etc. Se mencionan los meses de vuelo de cada especie y las plantas de alimentación en los casos qu se conocen. |
| 534 ## - NOTA SOBRE LA VERSIÓN ORIGINAL |
| Frase introductoria |
Título original: |
| 650 13 - PUNTO DE ACCESO ADICIONAL DE MATERIA--TÉRMINO DE MATERIA |
| 9 (RLIN) |
71395 |
| Término de materia o nombre geográfico como elemento de entrada |
Mariposas |
| 650 17 - PUNTO DE ACCESO ADICIONAL DE MATERIA--TÉRMINO DE MATERIA |
| 9 (RLIN) |
71407 |
| Término de materia o nombre geográfico como elemento de entrada |
Mariposas |
| Subdivisión geográfica |
Valle de México |
| 650 13 - PUNTO DE ACCESO ADICIONAL DE MATERIA--TÉRMINO DE MATERIA |
| 9 (RLIN) |
146443 |
| Término de materia o nombre geográfico como elemento de entrada |
Mariposas |
| Subdivisión general |
Identificación |
| Subdivisión geográfica |
México |
| 650 13 - PUNTO DE ACCESO ADICIONAL DE MATERIA--TÉRMINO DE MATERIA |
| 9 (RLIN) |
66262 |
| Término de materia o nombre geográfico como elemento de entrada |
Lepidoptera noctuidae |
| 942 ## - ELEMENTOS DE PUNTO DE ACCESO ADICIONAL (KOHA) |
| Fuente del sistema de clasificación o colocación |
Dewey Decimal Classification |
| 942 ## - ELEMENTOS DE PUNTO DE ACCESO ADICIONAL (KOHA) |
| Fuente del sistema de clasificación o colocación |
Dewey Decimal Classification |
| 942 ## - ELEMENTOS DE PUNTO DE ACCESO ADICIONAL (KOHA) |
| Tipo de ítem Koha |
Libro |